| 000 | 00486nam a2200169 a 4500 | ||
|---|---|---|---|
| 001 | 5708 | ||
| 003 | CDMR | ||
| 005 | 20130301132210.0 | ||
| 008 | 130130s ||||||||||||||||||||||||||||d | ||
| 020 | _a9788496855199 | ||
| 040 |
_aCDMR _bcat _cCPC LLEIDA |
||
| 245 | 0 | 0 |
_aLeandre Cristófol _b: de l'aire a l'aire |
| 260 |
_bInstitut Municipal d'Acció Cultural de Lleida _a[Lleida] _cc. 2008 |
||
| 500 | _aCatàleg d'exposició | ||
| 710 | 2 |
_92824 _aMuseu d'art Jaume Morera |
|
| 942 |
_cMON _2udc |
||
| 999 |
_c5708 _d5708 |
||